[Event "13th EICC"]
[Site "Plovdiv BUL"]
[Date "2012.03.31"]
[Round "11.43"]
[White "Vuckovic,Bo"]
[Black "Nikolov,Mo"]
[Result "1-0"]
[WhiteElo "2628"]
[BlackElo "2550"]

1.e4 c5 2.Nf3 e6 3.d4 cxd4 4.Nxd4 a6 5.Nc3 Qc7 6.Bd3 Nf6 7.O-O Bc5 8.Nb3 Be7
9.f4 d6 10.e5 Nfd7 11.Qg4 O-O 12.Qh3 f5 13.exf6 Nxf6 14.Nd4 Qb6 15.Be3 d5
16.Kh1 Qxb2 17.Nce2 Qb6 18.c4 Bc5 19.Rab1 Qd6 20.cxd5 exd5 21.f5 Nc6 22.Bf4 Qe7
23.Ne6 Bxe6 24.fxe6 Rae8 25.Bg5 Qxe6 26.Rxf6 Qxh3 27.Rxf8+ Bxf8 28.gxh3 Nb4
29.Nf4 h6 30.Bg6 hxg5 31.Bxe8 gxf4 32.a3 Nc2 33.Rxb7 Bxa3 34.Bf7+ Kh7 35.Bxd5 Ne3
36.Be4+ Kh6 37.Ra7 Bb2 38.Rxa6+ Bf6 39.Kg1 Nc4 40.Ra8 Kg5 41.Kg2 Ne5 42.Rh8 Be7
43.h4+ Kf6 44.Ra8 Bb4 45.Ra6+ Ke7 46.h5 Bd2 47.Bd5 Kf8 48.Ra7 Be3 49.Rb7 Bd2
50.Be4 Be3 51.h3 Bd2 52.Kf2 Be3+ 53.Ke2 Bd4 54.Bd5 Be3 55.Be4 Bd4 56.Rb4 Be3
57.Rb5 Bd4 58.Rb7 Be3 59.Bd5 Bc5 60.h6 gxh6 61.Rh7 Bd4 62.Rxh6 Kg7 63.Ra6 Kh7
64.Ra4 Be3 65.Re4 Ng6 66.Kf3 Kg7 67.Kg4 Bf2 68.Re6 Bg3 69.Kh5 Nh4 70.Be4 Kf7
71.Ra6 Ke7 72.Kg5 Kd7 73.Kf6 Be1 74.Ke5 f3 75.Ra7+ Kd8 76.Rf7 f2 77.Ke6 Ke8
78.Rf4 Kd8 79.Rf8+ Kc7 80.Rf7+ Kb6 81.Kd5 Kb5 82.Kd4 Kb6 83.Kd3 Kc5 84.Rf6 Kb4
85.Ke2 Kc4 86.Rf4 Kd4 87.Kf1  1-0

[Event "European Senior Teams 2012"]
[Site "Rogaska Slatina SLO"]
[Date "2012.04.01"]
[Round "6.18"]
[White "Palmo,P"]
[Black "Pekun,C"]
[Result "0-1"]
[WhiteElo "2064"]
[BlackElo "2127"]

1.e4 c5 2.Nf3 e6 3.d4 cxd4 4.Nxd4 a6 5.Nc3 Qc7 6.Bd3 Bc5 7.Nb3 Be7 8.O-O Nf6
9.Qe2 d6 10.Be3 Nbd7 11.a4 b6 12.Bf4 Bb7 13.Bg3 e5 14.f4 O-O 15.f5 Rfe8 16.Bf2 h5
17.Kh1 Bf8 18.Bc4 Rec8 19.Bd3 d5 20.exd5 Nxd5 21.Nxd5 Bxd5 22.Nd2 Qc6 23.Bh4 Nc5
24.Bc4 Bxc4 25.Qxc4 Qd7 26.Nb3 b5 27.axb5 axb5 28.Nxc5 Bxc5 29.Qe2 Rxa1 30.Rxa1 Qd4
31.Bg3 Qxb2 32.Bxe5 Re8 33.Re1 Bd4  0-1

[Event "2nd San Bernandino Open"]
[Site "San Bernardino SUI"]
[Date "2012.04.01"]
[Round "5.2"]
[White "Pokorna,Reg"]
[Black "Collutiis,D"]
[Result "0-1"]
[WhiteElo "2367"]
[BlackElo "2493"]

1.e4 c5 2.Nf3 e6 3.d4 cxd4 4.Nxd4 a6 5.Nc3 Qc7 6.Be3 Nc6 7.Be2 b5 8.O-O Bb7
9.a3 Nf6 10.f4 h5 11.Kh1 Na5 12.Qd3 Rc8 13.Rad1 Nc4 14.Bc1 h4 15.Rf3 g5 16.b3 g4
17.bxc4 gxf3 18.Bxf3 Qxc4 19.Bb2 Qxd3 20.cxd3 Rg8 21.h3 Be7 22.Nde2 d6 23.Nc1 Nd7
24.Nb3 Nc5 25.Na5 Ba8 26.d4 Nd7 27.d5 e5 28.Ne2 Bd8 29.Nb3 Bf6 30.fxe5 dxe5
31.Nec1 Be7 32.Nd3 Bd6 33.Bg4 Rc2 34.Ba1 f6 35.Rf1 Bxa3 36.Ne1 Rc4 37.Bf5 Rg5
38.Nf3 Rxf5 39.exf5 Bxd5 40.Nbd2 Rc2 41.Rd1 Bb4 42.Nf1 Bxf3 43.gxf3 Bc5 44.Nd2 Ke7
45.Ne4 Ba3 46.Rg1 Rc1 47.Rxc1 Bxc1 48.Bc3 Ba3 49.Be1 b4 50.Bxh4 b3 51.Nd2 b2
52.Nb1 Bb4 53.Kg1 a5 54.Kf1 a4 55.Be1 Bd6 56.Bc3 a3 57.Nd2 Nc5 58.Ke2 Na4  0-1

[Event "35th San Sebastian Open"]
[Site "Donostia ESP"]
[Date "2012.04.02"]
[Round "4"]
[White "Satyapragyan,S"]
[Black "Vazquez Igarza,R"]
[Result "1/2-1/2"]
[WhiteElo "2432"]
[BlackElo "2566"]

1.e4 c5 2.Nc3 e6 3.Nf3 a6 4.d4 cxd4 5.Nxd4 Nc6 6.Nxc6 bxc6 7.Bd3 d5 8.O-O Nf6
9.Qe2 Be7 10.b3 Bb7 11.Bb2 O-O 12.Na4 c5 13.Rad1 Qc7 14.exd5 Bxd5 15.Be5 Qc6
16.f3 Qb7 17.Qf2 Nd7 18.Ba1 Qc7 19.Nc3 Bf6 20.Nxd5 exd5 21.Bxf6 Nxf6 22.Rfe1 Rfe8
23.Rxe8+ Rxe8 24.Re1 Rxe1+ 25.Qxe1 a5 26.a4 g6 27.g3 Kg7 28.Kg2 h5 29.h4 Kg8
30.Bb5 Kg7 31.Qd2 Qb6 32.Qe1 Qc7 33.Qd2 Qb6  1/2-1/2

[Event "Semana Santa LAB Open"]
[Site "Bogota COL"]
[Date "2012.04.04"]
[Round "1"]
[White "Castillejo,Angela Maria"]
[Black "Palacio,P"]
[Result "0-1"]
[WhiteElo "2019"]
[BlackElo "1889"]

1.e4 c5 2.Nf3 e6 3.d4 cxd4 4.Nxd4 a6 5.Nc3 Qc7 6.Bd3 Nc6 7.Nxc6 bxc6 8.O-O Nf6
9.Be3 Be7 10.f4 d6 11.Qf3 Bb7 12.Rae1 c5 13.Qg3 g6 14.e5 Nh5 15.Qf2 d5 16.Bd2 c4
17.Be2 d4 18.Na4 Rd8 19.Bxh5 gxh5 20.Qg3 Kd7 21.Rf2 Rdg8 22.Qh3 Qc6 23.b3 c3
24.Bc1 Bh4 25.Nc5+ Qxc5 26.Qxh4 Qd5 27.Ree2 d3 28.cxd3 Qxd3 29.Qxh5 Qd1+
30.Rf1 Rxg2+  0-1

[Event "Semana Santa LAB Open"]
[Site "Bogota COL"]
[Date "2012.04.04"]
[Round "1"]
[White "Manrique,F"]
[Black "Cespedes Galindo,Estefania"]
[Result "1-0"]
[WhiteElo "1980"]
[BlackElo "1830"]

1.e4 c5 2.Nf3 e6 3.d4 cxd4 4.Nxd4 a6 5.Nc3 Qc7 6.Be3 Nf6 7.f3 b5 8.Bd3 Bb7
9.Qd2 Be7 10.g4 d5 11.g5 b4 12.Ncb5 axb5 13.Nxb5 Qd7 14.gxf6 Bxf6 15.Qxb4 Be7
16.Qc3 O-O 17.Rg1 Bf6 18.Qxf6  1-0

[Event "35th San Sebastian Open"]
[Site "Donostia ESP"]
[Date "2012.04.04"]
[Round "6"]
[White "Pap,M"]
[Black "Trujillo Alvarado,I"]
[Result "1-0"]
[WhiteElo "2501"]
[BlackElo "2173"]

1.e4 c5 2.Nf3 e6 3.d4 cxd4 4.Nxd4 a6 5.Nc3 Qc7 6.Bd3 Nf6 7.O-O Be7 8.Be3 d6
9.f4 b5 10.Qf3 Bb7 11.a3 Nbd7 12.Kh1 Nc5 13.Rac1 g6 14.b4 Ncd7 15.Nce2 Nb6
16.a4 bxa4 17.c4 Nbd7 18.Nc3 O-O 19.Nxa4 e5 20.Nb3 exf4 21.Bxf4 Nh5 22.Be3 Ne5
23.Qd1 Nxd3 24.Qxd3 Nf6 25.Nc3 Ng4 26.Na5 Nxe3 27.Qxe3 Rab8 28.Nxb7 Qxb7
29.Nd5 Rbe8 30.c5 Qc6 31.Qd4 Bd8 32.cxd6 Qd7 33.h3 Re6 34.e5 f6 35.Rc7 Bxc7
36.dxc7 Kf7 37.Qc5 f5 38.Nb6 Rxb6 39.Qxb6 Qe6 40.Qb7 Qc8 41.Qa7 Re8 42.Qc5 Re7
43.Rc1 Re6 44.Qd5 Ke7 45.Rc6 Rxc6 46.Qxc6 f4 47.Qd6+ Ke8 48.Kh2 g5 49.Kg1 h5
50.e6  1-0

[Event "39th La Roda Open"]
[Site "La Roda ESP"]
[Date "2012.04.04"]
[Round "1"]
[White "Tonus,A"]
[Black "Anton Guijarro,D"]
[Result "0-1"]
[WhiteElo "1965"]
[BlackElo "2476"]

1.e4 c5 2.Nf3 e6 3.d4 cxd4 4.Nxd4 a6 5.Nc3 Qc7 6.Bd3 Nf6 7.Qe2 d6 8.f4 Nbd7
9.g4 Nc5 10.g5 Nfd7 11.Bd2 g6 12.f5 Ne5 13.f6 h6 14.gxh6 Bxh6 15.Bxh6 Rxh6
16.Nf3 Bd7 17.Nxe5 dxe5 18.O-O-O O-O-O 19.Qe3 Rdh8 20.h3 Kb8 21.Kb1 Rh4 22.Rdf1 Na4
23.Nxa4 Bxa4 24.Rf3 Bc6 25.Rhf1 Qd6 26.c3 Rd8 27.Bc2 Qd2 28.Re1 Qxe3 29.Rexe3 Rd2
30.Kc1 Rxc2+ 31.Kxc2 Bxe4+ 32.Kd2 Bxf3 33.Rxf3 Kc7 34.Ke3 Kd6 35.b3 b5 36.Kf2 e4
37.Re3 Ke5 38.Kg3 Rf4 39.c4 bxc4 40.bxc4 Rxf6 41.c5 Rf3+ 42.Rxf3 exf3 43.c6 Kd6
44.c7 Kxc7 45.Kxf3 Kd6 46.Ke4 e5  0-1

[Event "43rd Mar del Plata Open"]
[Site "Mar del Plata ARG"]
[Date "2012.04.04"]
[Round "6"]
[White "Paveto,K"]
[Black "Duarte,Le"]
[Result "1-0"]
[WhiteElo "2279"]
[BlackElo "2371"]

1.e4 c5 2.Nf3 e6 3.Nc3 a6 4.d4 cxd4 5.Nxd4 Qc7 6.Bd3 Nf6 7.O-O Be7 8.Nb3 O-O
9.f4 d6 10.Qf3 Nc6 11.Bd2 b5 12.Rae1 Bb7 13.Qh3 g6 14.Kh1 b4 15.Ne2 a5 16.f5 exf5
17.exf5 Rfe8 18.fxg6 hxg6 19.Bg5 Nh7 20.Rxf7 Nxg5 21.Qh6 Nxf7 22.Qxg6+ Kf8
23.Rf1 Bf6 24.Qxf6 Ne5 25.Nbd4 Qd8 26.Qh6+ Kg8 27.Qh7+ Kf8 28.Nf4 Bxg2+ 29.Kxg2 Qg5+
30.Kh1 Qg8 31.Qf5 Ke7 32.Nd5+ Kf8 33.Nf6 Qg5  1-0

[Event "Semana Santa LAB Open"]
[Site "Bogota COL"]
[Date "2012.04.05"]
[Round "4"]
[White "Vargas,M"]
[Black "Jimenez,JoseM"]
[Result "0-1"]
[WhiteElo "1986"]
[BlackElo "2197"]

1.e4 c5 2.Nf3 e6 3.d4 cxd4 4.Nxd4 a6 5.Nc3 Qc7 6.f4 d6 7.Be2 b5 8.Bf3 Bb7
9.a3 Nf6 10.O-O Nbd7 11.Kh1 Be7 12.e5 dxe5 13.fxe5 Nxe5 14.Bf4 Bxf3 15.Rxf3 Nh5
16.Nd5 exd5 17.Bxe5 Qxe5 18.Rf5 Qe4 19.Rxh5 g6 20.Rh3 Bf6 21.Rd3 O-O 22.c3 Rad8
23.Qf1 Rfe8 24.Rad1 Bxd4 25.Rxd4 Qe2 26.R4d2 Qxf1+ 27.Rxf1 Kg7 28.Kg1 f5
29.Kf2 Kf6 30.a4 bxa4 31.Ra1 Re4 32.b3 axb3 33.Rxa6+ Re6 34.Ra3 Rb8 35.Rb2 Reb6  0-1

[Event "O2C Doeberl Cup Premier 2012"]
[Site "Canberra AUS"]
[Date "2012.04.05"]
[Round "1.26"]
[White "Champion,Patrick"]
[Black "Bjelobrk,I"]
[Result "0-1"]
[WhiteElo "1962"]
[BlackElo "2326"]

1.e4 c5 2.Nf3 e6 3.d4 cxd4 4.Nxd4 a6 5.Nc3 b5 6.Bd3 Qb6 7.Nb3 Qc7 8.O-O Bb7
9.Be3 Nf6 10.a3 Be7 11.f4 d6 12.Qf3 Nbd7 13.Qh3 O-O 14.Kh1 Rfe8 15.Rae1 Rac8
16.Bf2 e5 17.f5 Nb6 18.Nd2 h6 19.Re3 Bf8 20.Bh4 Nbd7 21.Ne2 d5 22.Ng3 Qb6
23.Ree1 Qd4 24.Bxf6 Nxf6 25.Nh5 Nxe4 26.Bxe4 Qxd2 27.Rd1 Qg5 28.Rd3 Rxc2
29.Rg3 Rc1 30.Bd3 Rxf1+ 31.Bxf1 Qc1  0-1

[Event "35th San Sebastian Open"]
[Site "Donostia ESP"]
[Date "2012.04.05"]
[Round "7"]
[White "Diaz Herrero,A"]
[Black "Anurag,M"]
[Result "0-1"]
[WhiteElo "2132"]
[BlackElo "2273"]

1.e4 c5 2.Nf3 e6 3.d4 cxd4 4.Nxd4 a6 5.Nc3 b5 6.Bd3 Bb7 7.O-O Qc7 8.Qe2 d6
9.Kh1 Nf6 10.f4 Nbd7 11.Bd2 h5 12.Rae1 h4 13.f5 e5 14.Nf3 h3 15.g4 Nxg4 16.Ng5 Ngf6
17.a4 b4 18.Na2 d5 19.Bxb4 dxe4 20.Bc4 e3+ 21.Rf3 Bxb4 22.Bxf7+ Ke7 23.Nxb4 Rh4
24.Qxe3 Rxb4 25.Qa3 Qd6 26.Qa2 Rg4  0-1

[Event "O2C Doeberl Cup Premier 2012"]
[Site "Canberra AUS"]
[Date "2012.04.06"]
[Round "3.18"]
[White "Chen,Pengyu"]
[Black "Bjelobrk,I"]
[Result "0-1"]
[WhiteElo "2056"]
[BlackElo "2326"]

1.e4 c5 2.Nf3 e6 3.Nc3 a6 4.d4 cxd4 5.Nxd4 b5 6.Bd3 Qb6 7.Nb3 Qc7 8.O-O Bb7
9.Qe2 b4 10.Nb1 Nf6 11.c3 Nc6 12.a3 bxc3 13.Nxc3 h5 14.Bg5 Be7 15.Bh4 g5
16.Bg3 Qb6 17.Nd2 Qxb2 18.Rfc1 h4 19.Qd1 hxg3 20.hxg3 Ng4 21.Rab1 Rh1+ 22.Kxh1 Nxf2+
23.Kg1 Nxd1 24.Rxb2 Nxb2 25.Be2 Bxa3  0-1

[Event "16th Neckar Open"]
[Site "Deizisau GER"]
[Date "2012.04.06"]
[Round "2.3"]
[White "Fiderer,L"]
[Black "Istratescu,A"]
[Result "0-1"]
[WhiteElo "2223"]
[BlackElo "2633"]

1.e4 c5 2.Nf3 e6 3.d4 cxd4 4.Nxd4 a6 5.Nc3 Nc6 6.Be2 Qc7 7.O-O Nf6 8.Be3 Be7
9.f4 d6 10.a4 O-O 11.Kh1 Rd8 12.Qe1 Nxd4 13.Bxd4 e5 14.Be3 exf4 15.Bxf4 Be6
16.Qg3 Kh8 17.Rad1 Qb6 18.Qe3 Qxe3 19.Bxe3 Rac8 20.Bd3 Ng4 21.Bb6 Re8 22.Nd5 Bd8
23.Bd4 Ne5 24.Kg1 Kg8 25.Rf2 Nxd3 26.cxd3 Bxd5 27.exd5 Bg5 28.Rf5 Be3+ 29.Bxe3 Rxe3
30.Kf2 Re7 31.Rd2 f6 32.Rf4 Rc5 33.Re4 Kf7 34.Rde2 Re5 35.d4 Rxe4 36.Rxe4 Rxd5
37.g4 h5 38.h3 b5 39.b3 bxa4 40.bxa4 hxg4 41.hxg4 Ra5 42.d5 Rxd5 43.Rb4 Kg6
44.Rb6 Kg5 45.Rxa6 Kxg4  0-1

[Event "Semana Santa LAB Open"]
[Site "Bogota COL"]
[Date "2012.04.07"]
[Round "7"]
[White "Santos Morales,N"]
[Black "Herrera,Mil"]
[Result "1-0"]
[WhiteElo "2023"]
[BlackElo "2090"]

1.e4 c5 2.Nf3 e6 3.d4 cxd4 4.Nxd4 a6 5.Nc3 Qc7 6.Be2 Nc6 7.O-O Nf6 8.a3 Nxd4
9.Qxd4 Bd6 10.h3 h5 11.Kh1 Bc5 12.Qd1 b5 13.f4 Bb7 14.Bf3 O-O-O 15.e5 Ng4
16.Qe2 f5 17.exf6 gxf6 18.Bxb7+ Kxb7 19.Ne4 Bb6 20.a4 b4 21.a5 Ba7 22.Ra4 d5
23.Rxb4+ Ka8 24.Bd2 Qc6 25.Nc3 Rb8 26.Na2 e5 27.Rxb8+ Kxb8 28.Nb4 Qc4 29.Qxc4 dxc4
30.Nc6+ Kb7 31.Nxa7 Kxa7 32.hxg4 hxg4+ 33.Kg1 e4 34.f5  1-0

[Event "O2C Doeberl Cup Premier 2012"]
[Site "Canberra AUS"]
[Date "2012.04.07"]
[Round "5.18"]
[White "Nemeth,Joh"]
[Black "Dragicevic,Do"]
[Result "0-1"]
[WhiteElo "2120"]
[BlackElo "2328"]

1.e4 c5 2.Nf3 e6 3.Nc3 a6 4.d4 cxd4 5.Nxd4 Qc7 6.a4 Bb4 7.Bd2 Nf6 8.Bd3 Nc6
9.Nxc6 bxc6 10.O-O Be7 11.f4 d5 12.e5 Nd7 13.Qg4 g6 14.Rae1 Nc5 15.Kh1 Rb8
16.Bc1 Qa5 17.Qg3 Nxa4 18.f5 Nxb2 19.fxg6 fxg6 20.Bxg6+ hxg6 21.Qxg6+ Kd8
22.Bg5 Re8 23.Re3 d4 24.Ref3 dxc3 25.Rf8 Rxf8 26.Bxe7+ Kc7 27.Bd6+ Kb6 28.Bxf8 Qxe5
29.h4 Bd7 30.Bg7 Qe2 31.Rf4 c5 32.Re4 Qf1+ 33.Kh2 Re8 34.h5 Bc6 35.Rg4 Nd1
36.h6 Qh1+ 37.Kg3 Qxg2+ 38.Kf4 e5+ 39.Bxe5 Qf3+  0-1

[Event "16th Neckar Open"]
[Site "Deizisau GER"]
[Date "2012.04.07"]
[Round "5.15"]
[White "Studer,N"]
[Black "Kurmann,O"]
[Result "0-1"]
[WhiteElo "2199"]
[BlackElo "2458"]

1.e4 c5 2.Nf3 e6 3.d4 cxd4 4.Nxd4 a6 5.Nc3 b5 6.Be3 Qc7 7.Qd2 Nf6 8.f3 Bb7
9.g4 h6 10.O-O-O Bb4 11.Nb3 d5 12.Qf2 Bxc3 13.bxc3 dxe4 14.Rg1 exf3 15.Bb6 Qf4+
16.Kb2 Nbd7 17.Bc5 Nxc5 18.Qxc5 Rc8 19.Qa3 Qc7 20.Na5 Bd5 21.Rxd5 Nxd5 22.c4 Qxh2
23.Nb7 Qxg1 24.Nd6+ Kd7  0-1

[Event "Pobeskydi Open 2012"]
[Site "Frydek Mistek CZE"]
[Date "2012.04.07"]
[Round "5"]
[White "Fargac,M"]
[Black "Pagerka,M"]
[Result "0-1"]
[WhiteElo "2069"]
[BlackElo "2215"]

1.e4 c5 2.Nf3 e6 3.d4 cxd4 4.Nxd4 a6 5.Nc3 Qc7 6.Bd3 Nf6 7.Qe2 Nc6 8.Nxc6 dxc6
9.e5 Nd5 10.Bd2 Bd7 11.f4 Nxc3 12.Bxc3 c5 13.O-O O-O-O 14.Kh1 g6 15.Rab1 Bc6
16.b4 Bd5 17.bxc5 Bxc5 18.a4 h5 19.h4 Rd7 20.Bd2 Qc6 21.a5 Rhd8 22.Kh2 Bc4
23.Rf3 Bxd3 24.Rxd3 Rxd3 25.cxd3 Kb8 26.Be3 Bd4 27.Rb4 Bxe3 28.Qxe3 Rd5 29.Rc4 Qd7
30.Qb6 Rxd3 31.Qb4 Qd8 32.g3 Rd2+ 33.Kh3 Rd1 34.Qc5 Rh1+ 35.Kg2 Rd1 36.Kh3 Rd5
37.Qb6 Qxb6 38.axb6 Rb5 39.Rc7 Rxb6 40.Rxf7 a5 41.g4 Rb3+ 42.Kg2 hxg4 43.Re7 a4
44.Rxe6 a3 45.Re8+ Ka7 46.e6 a2 47.e7 Re3  0-1

[Event "39th La Roda Open"]
[Site "La Roda ESP"]
[Date "2012.04.07"]
[Round "6"]
[White "Plaskett,J"]
[Black "Ramiro Ovejero,J"]
[Result "1-0"]
[WhiteElo "2480"]
[BlackElo "2323"]

1.e4 c5 2.Nc3 a6 3.Nf3 e6 4.d4 cxd4 5.Nxd4 Qc7 6.Bd3 Nc6 7.Nxc6 dxc6 8.f4 e5
9.f5 Nf6 10.g4 h6 11.Be3 Nd7 12.Qf3 Bc5 13.Bxc5 Nxc5 14.h4 b5 15.O-O-O Bb7
16.Bf1 Nd7 17.g5 O-O-O 18.f6 g6 19.h5 hxg5 20.hxg6 Rxh1 21.Qxh1 fxg6 22.Bh3 Kb8
23.Bxd7 Rxd7 24.Rxd7 Qxd7 25.Qg1 g4 26.Qc5 Bc8 27.Qxe5+ Kb7 28.Qf4 Qf7 29.e5 Bf5
30.b3 Qe6 31.Ne4 Kc7 32.Nc5  1-0

[Event "39th La Roda Open"]
[Site "La Roda ESP"]
[Date "2012.04.07"]
[Round "6"]
[White "Forcen Esteban,D"]
[Black "Korneev,O"]
[Result "0-1"]
[WhiteElo "2438"]
[BlackElo "2597"]

1.e4 c5 2.Nf3 e6 3.d4 cxd4 4.Nxd4 a6 5.Nc3 Qc7 6.g3 Bb4 7.Bd2 Nf6 8.Bg2 Nc6
9.Nb3 Be7 10.a4 b6 11.O-O Bb7 12.f4 d6 13.g4 h6 14.Qf3 Nd7 15.Qh3 O-O-O 16.Be3 g5
17.f5 Bf6 18.a5 b5 19.fxe6 fxe6 20.Bb6 Nxb6 21.Rxf6 Qe7 22.Rxh6 Qg7 23.Rxh8 Rxh8
24.Qg3 Nc4 25.Nd1 N6e5 26.Nd4 Ng6 27.Qc3 Nf4 28.Bf1 Qh7 29.h3 Qxe4 30.Nf2 Qe3
31.Nxb5 Qxc3 32.Nxc3 Ne5 33.Kh2 Kd7 34.Kg3 d5 35.b4 Rc8 36.Na4 Rxc2 37.h4 Ne2+
38.Bxe2 gxh4+ 39.Kxh4 Rxe2 40.Nc5+ Kc6 41.Kg3 Bc8 42.g5 Kb5 43.Rb1 Ng6 44.Kf3 Re5
45.Ncd3 Rf5+ 46.Ke3 Rxg5 47.Rc1 Bd7 48.Rc7 Bc6 49.Nd1 Rg3+ 50.Kd2 d4 51.Rg7 e5  0-1

[Event "39th La Roda Open"]
[Site "La Roda ESP"]
[Date "2012.04.07"]
[Round "7"]
[White "Valmana Canto,J"]
[Black "Ibarra Jerez,JC"]
[Result "1/2-1/2"]
[WhiteElo "2314"]
[BlackElo "2523"]

1.e4 c5 2.Nc3 a6 3.Nge2 e6 4.d4 cxd4 5.Nxd4 Qc7 6.Bd3 Bd6 7.Qg4 h5 8.Qg5 Be7
9.Qd2 Nf6 10.f4 d6 11.Qe2 Nbd7 12.Nf3 b5 13.O-O b4 14.Na4 Bb7 15.a3 bxa3
16.b3 h4 17.Ng5 Nh5  1/2-1/2

[Event "39th La Roda Open"]
[Site "La Roda ESP"]
[Date "2012.04.07"]
[Round "7"]
[White "Sanchez Jerez,E"]
[Black "Paunovic,D"]
[Result "0-1"]
[WhiteElo "2234"]
[BlackElo "2537"]

1.e4 c5 2.Nf3 e6 3.d4 cxd4 4.Nxd4 a6 5.Nc3 Qc7 6.g4 b5 7.a3 Bb7 8.Bg2 Nc6
9.Nxc6 dxc6 10.f4 e5 11.fxe5 Qxe5 12.O-O Bd6 13.Bf4 Qc5+ 14.Kh1 Bxf4 15.Rxf4 Ne7
16.Qf3 O-O 17.Rf1 f6 18.h4 Ng6 19.Rf5 Qe7 20.Qg3 Bc8 21.Rh5 Be6 22.g5 f5
23.exf5 Rxf5 24.Re1 Raf8 25.Bh3 Rf3 26.Rxe6 Rxg3 27.Rxe7 Rxh3+ 28.Kg2 Nf4+  0-1

[Event "ch-BLR u20 2012"]
[Site "Minsk BLR"]
[Date "2012.04.07"]
[Round "1.2"]
[White "Kovalev,Vl"]
[Black "Biazliudau,Stanislau"]
[Result "1-0"]
[WhiteElo "2477"]
[BlackElo "2192"]

1.e4 c5 2.Nf3 e6 3.d4 cxd4 4.Nxd4 a6 5.Nc3 Qc7 6.Bd3 Nf6 7.O-O Bc5 8.Nb3 d6
9.Bf4 Nbd7 10.Nxc5 Qxc5 11.Be2 e5 12.Be3 Qc6 13.Qd2 Nc5 14.f3 O-O 15.Rad1 Rd8
16.Bg5 Be6 17.Kh1 Kf8 18.Bxf6 gxf6 19.Qh6+ Ke7 20.f4 Nxe4 21.fxe5 dxe5 22.Nxe4 Qxe4
23.Qxf6+ Ke8 24.Bh5 Qc4 25.b3 Qxf1+ 26.Rxf1  1-0

[Event "Karposh Open 2012"]
[Site "Skopje MKD"]
[Date "2012.04.07"]
[Round "1.52"]
[White "Gjeorgjievski,Done"]
[Black "Djingarova,E"]
[Result "0-1"]
[WhiteElo "1829"]
[BlackElo "2296"]

1.e4 c5 2.Nf3 e6 3.d4 cxd4 4.Nxd4 a6 5.Nc3 Qc7 6.Be3 Nf6 7.Bd3 Bb4 8.Bd2 d5
9.O-O Bxc3 10.Bxc3 dxe4 11.Be2 e5 12.Nb3 Nc6 13.Bc4 O-O 14.a4 Rd8 15.Qe2 Nd4
16.Bxd4 exd4 17.Rfd1 Ng4 18.g3 Ne5 19.Nd2 Bg4 20.Qf1 Bxd1 21.Rxd1 e3  0-1

[Event "O2C Doeberl Cup Premier 2012"]
[Site "Canberra AUS"]
[Date "2012.04.08"]
[Round "7.18"]
[White "Broekhuyse,P"]
[Black "Dragicevic,Do"]
[Result "1/2-1/2"]
[WhiteElo "2068"]
[BlackElo "2328"]

1.e4 c5 2.Nf3 e6 3.d4 cxd4 4.Nxd4 a6 5.Nc3 Qc7 6.Be2 b5 7.O-O Bb7 8.Bf3 Nc6
9.Nxc6 dxc6 10.Re1 e5 11.Qe2 Nf6 12.Bg5 Be7 13.Rad1 O-O 14.Rd3 Rad8 15.Red1 h6
16.Bh4 Bc8 17.Bg3 Be6 18.Rxd8 Rxd8 19.Rxd8+ Bxd8 20.a3 Be7 21.Nd1 Nd7 22.Ne3 Nc5
23.b4 Nd7 24.Bg4 Nf8 25.Nf5 Bxf5 26.exf5 Bd6 27.Qd3 c5 28.c3 Nd7 29.Bf3 Nb6
30.h4 f6 31.Bd5+ Kh7 32.Be6 cxb4 33.cxb4 Qc6 34.Kh2 Nc4 35.Bd5 Qc7 36.Qf3 a5
37.Qg4 Qe7 38.Bxc4 bxc4 39.Qxc4 axb4 40.axb4 Bxb4 41.Qe4 Qd6 42.Kh3 Bd2 43.Qg4 Qc6
44.f3 Qd7 45.Bf2 Bf4 46.g3 Bd2 47.Kg2 Bc3 48.h5 Qb5 49.Qe4 Qb2 50.Qg4 Kg8
51.Qg6 Qb5 52.Be3 Qe2+ 53.Bf2 Bd4  1/2-1/2

[Event "16th Neckar Open"]
[Site "Deizisau GER"]
[Date "2012.04.08"]
[Round "7.16"]
[White "Fiderer,L"]
[Black "Kurmann,O"]
[Result "1/2-1/2"]
[WhiteElo "2223"]
[BlackElo "2458"]

1.e4 c5 2.Nf3 e6 3.d4 cxd4 4.Nxd4 a6 5.Nc3 b5 6.Bd3 Qb6 7.Nf3 Qc7 8.O-O Bb7
9.Qe2 Be7 10.e5 f5 11.a4 b4 12.Nb1 Nc6 13.Re1 Nh6 14.Nbd2 Nf7 15.Nc4 a5 16.Bf4 O-O  1/2-1/2

[Event "Pobeskydi Open 2012"]
[Site "Frydek Mistek CZE"]
[Date "2012.04.08"]
[Round "8"]
[White "Pagerka,M"]
[Black "Bernasek,J"]
[Result "1/2-1/2"]
[WhiteElo "2215"]
[BlackElo "2464"]

1.e4 c5 2.Nf3 e6 3.d4 cxd4 4.Nxd4 a6 5.Nc3 b5 6.Bd3 d6 7.Qe2 Nf6 8.O-O Be7
9.Bd2 O-O 10.a4 b4 11.Na2 Qb6 12.Nb3 a5 13.Be3  1/2-1/2

[Event "Cebanenco Mem IM 2012"]
[Site "Kishinev MDA"]
[Date "2012.04.08"]
[Round "8"]
[White "Golub,D"]
[Black "Grinev,V"]
[Result "1-0"]
[WhiteElo "2250"]
[BlackElo "2404"]

1.e4 c5 2.Nf3 e6 3.d4 cxd4 4.Nxd4 a6 5.Nc3 Qc7 6.Bd3 Nf6 7.f4 d6 8.Qf3 b5
9.g4 Bb7 10.Be3 Nc6 11.O-O-O Nb4 12.Kb1 Nxd3 13.cxd3 Be7 14.Rc1 Qa5 15.f5 e5
16.Nb3 Qd8 17.g5 Nd7 18.f6 gxf6 19.Rhf1 Rf8 20.gxf6 Nxf6 21.d4 b4 22.dxe5 dxe5
23.Rfd1 bxc3 24.Rxd8+ Rxd8 25.Ka1 cxb2+ 26.Kxb2 Nxe4 27.Qf5 Bd6 28.Rc4 Rg8
29.Rxe4 Rg2+ 30.Kb1 Bxe4+ 31.Qxe4 Rxh2 32.Qc6+ Ke7 33.Nc5 Rb8+ 34.Nb7 Rxb7+
35.Qxb7+ Ke6 36.Qc8+ Kd5 37.Qf5 Rh4 38.Qxf7+ Kc6 39.Qe8+ Kc7 40.Bb6+ Kb7
41.Qd7+ Kxb6 42.Qd8+  1-0

[Event "6th Philadelphia Open"]
[Site "Philadelphia USA"]
[Date "2012.04.08"]
[Round "9.6"]
[White "Shahade,G"]
[Black "Bachmann,Ax"]
[Result "0-1"]
[WhiteElo "2475"]
[BlackElo "2556"]

1.e4 c5 2.Nf3 e6 3.d4 cxd4 4.Nxd4 a6 5.Nc3 Qc7 6.Bd3 Nf6 7.O-O d6 8.f4 b5
9.Kh1 Nbd7 10.Qe2 Bb7 11.Bd2 Nc5 12.e5 dxe5 13.fxe5 Nfd7 14.Rae1 Nxd3 15.cxd3 Bc5
16.Qg4 Bxd4 17.Qxd4 O-O 18.Rc1 Nxe5 19.Ne4 Nc6 20.Qd6 Rac8 21.Qxc7 Rxc7 22.Bf4 e5
23.Bxe5 Rd7 24.Nc5 Rd5 25.Bf4 Ba8 26.Nxa6 Rxd3 27.Nc7 Nb4 28.Nxb5 Nxa2 29.Ra1 Rb3
30.Rxa2 Rxb5 31.Bd6 Rd8 32.Be7 Re8 33.b4 Bd5 34.Rc2 Be4 35.Rc7 Rd5 36.Kg1 Ra8
37.h3 h5 38.Bc5 f6 39.Re7 f5 40.Ra7 Rad8 41.Ra2 Kf7 42.Ra7+ Kg6 43.Ra6+ Kh7
44.Ra2 g5 45.Ra7+ R8d7 46.Rfa1 h4 47.Rxd7+ Rxd7 48.Ra7 Bb7 49.Kf2 Kg6 50.Be3 g4
51.hxg4 fxg4 52.Bf4 Kf5 53.Bb8 Rf7 54.Ra3 g3+ 55.Kg1 Kg4 56.Ra7 Rd7 57.Kf1 Bxg2+
58.Kxg2 h3+ 59.Kf1 h2  0-1

[Event "I FirstSun Mallorca"]
[Site "Cala Rajada ESP"]
[Date "2012.04.09"]
[Round "1"]
[White "Calzetta Ruiz,M"]
[Black "Garcia Romero,B"]
[Result "0-1"]
[WhiteElo "2300"]
[BlackElo "2196"]

1.e4 c5 2.Nf3 e6 3.d4 cxd4 4.Nxd4 a6 5.Nc3 b5 6.Bd3 Qb6 7.Nf3 Nc6 8.O-O Bb7
9.a4 b4 10.a5 Qc7 11.Na4 Nf6 12.Nb6 Rd8 13.Nc4 d5 14.exd5 Rxd5 15.Be3 Bc5
16.Qe1 O-O 17.b3 Nd4 18.Bxd4 Bxd4 19.Nxd4 Rxd4 20.f3 Qc5 21.Kh1 Rfd8 22.Ra4 Bc6
23.Qxb4 Qh5 24.Raa1 Rh4 25.h3 Rxh3+ 26.gxh3 Qxh3+ 27.Kg1 Qg3+ 28.Kh1 Rd5  0-1

[Event "16th Neckar Open"]
[Site "Deizisau GER"]
[Date "2012.04.09"]
[Round "8.9"]
[White "Burg,T"]
[Black "Bischoff,K"]
[Result "0-1"]
[WhiteElo "2464"]
[BlackElo "2521"]

1.e4 c5 2.Nf3 e6 3.d4 cxd4 4.Nxd4 a6 5.Nc3 Qc7 6.Bd3 Nf6 7.O-O Bc5 8.Nb3 Ba7
9.Bg5 Nc6 10.Kh1 h5 11.Bxf6 gxf6 12.f4 d6 13.a4 Bd7 14.Qd2 Ne7 15.f5 O-O-O
16.fxe6 fxe6 17.Rxf6 Rdg8 18.Raf1 Ng6 19.Be2 Ne5 20.Rh6 Rxh6 21.Qxh6 Qd8
22.Nd2 Rh8 23.Qf4 Qe7 24.Nc4 Nxc4 25.Bxc4 Bd4 26.Qd2 Be5 27.Ne2 Rf8 28.Rxf8+ Qxf8
29.b3 Qf2 30.Qd3 b5 31.Ng1 bxc4 32.Qxc4+ Kd8 33.Nf3 Qe3 34.h3 Qc1+ 35.Ng1 Bf4
36.Qxa6 Be3 37.Qa5+ Ke7 38.Qxh5 Qxg1+  0-1

[Event "ch-FRA Juniors 2012"]
[Site "Nimes FRA"]
[Date "2012.04.15"]
[Round "2.2"]
[White "Massoni,M"]
[Black "Iwanesko,A"]
[Result "1-0"]
[WhiteElo "2341"]
[BlackElo "2215"]

1.e4 c5 2.Nf3 e6 3.d4 cxd4 4.Nxd4 a6 5.Nc3 Qc7 6.Bd3 Nf6 7.O-O Bc5 8.Nb3 Be7
9.f4 d6 10.Kh1 Nbd7 11.a4 b6 12.Be3 Bb7 13.Qe1 h5 14.Bf2 g5 15.fxg5 Ng4 16.g6 O-O-O
17.Bg1 fxg6 18.Nd4 Nf8 19.Qe2 e5 20.Nb3 Ne6 21.Bxa6 Nf4 22.Bxb7+ Qxb7 23.Qb5 h4
24.Bxb6 Nh5 25.Na5 Ng3+ 26.Kg1 Qd7 27.Qa6+ Kb8 28.Bxd8  1-0

[Event "Brunei GM Inv 2012"]
[Site "Bandar Seri Begawan BRU"]
[Date "2012.04.16"]
[Round "7.2"]
[White "Hj,Sulaiman Hj Md Baharuddin"]
[Black "Nguyen Anh Dung"]
[Result "0-1"]
[WhiteElo "2162"]
[BlackElo "2439"]

1.e4 c5 2.Nf3 e6 3.Nc3 a6 4.d4 cxd4 5.Nxd4 b5 6.Bd3 Bb7 7.O-O Qc7 8.Be3 Nf6
9.a3 d6 10.Qe2 Nbd7 11.Rfe1 Be7 12.Rad1 O-O 13.h3 Rac8 14.Bg5 h6 15.Bc1 Rfd8
16.Kh1 Nc5 17.Nb3 Nfd7 18.Qh5 Nf6 19.Qe2 e5 20.Nd2 d5 21.exd5 Nxd3 22.cxd3 Nxd5
23.Nde4 Qc6 24.Nxd5 Rxd5 25.Qh5 Rcd8 26.Qf3 Qd7 27.Nc3 Rd4 28.Qg3 Bh4 29.Qe3 Bg5
30.Qg3 Bf4 31.Bxf4 exf4 32.Qg4 f3 33.Qxd7 fxg2+ 34.Kg1 R8xd7 35.Re3 f5 36.Ne2 Rh4
37.Kh2 f4 38.Re5 Bf3 39.Rd2 Bxe2 40.Rexe2 Rxh3+ 41.Kxg2 Rhxd3 42.Rxd3 Rxd3  0-1